000
00297nam a2200097Ia 4500
001
1294915
005
20260417165708.0
008
260417s9999 xx 000 0 und d
245
0
_a
DÜNYAYI GEZİYORUM-2 ŞİRİN TERRAKOTA ADRENALİN ÇİN
_c
BİRSEN EKİM ÖZEN
260
_b
TİMAŞ ÇOCUK YAYINLARI
999
_c
1294915
_d
1294915